Novisima Historia Universal : (Record no. 10200)

000 -CABECERA
fixed length control field 01340nam a22002657a 4500
003 - IDENTIFICADOR DEL NÚMERO DE CONTROL
control field AR-CdUCM
008 - DATOS DE LONGITUD FIJA--INFORMACIÓN GENERAL
fixed length control field 190329b ||||| |||| 00| 0 spa d
040 ## - FUENTE DE LA CATALOGACIÓN
Agencia/entidad que catalogó originalmente la obra MUNICIPALIDAD PROVINCIAL DEL CUSCO
Entidad que transcribió la catalogación BIBLIOTECA MUNICIPAL DEL CUSCO
082 ## - NÚMERO DE LA CLASIFICACIÓN DECIMAL DEWEY
No. de Clasificación 909 /
Notacion interna L31
100 ## - ENTRADA PRINCIPAL--NOMBRE DE PERSONA
Nombre Personal Lavisse, Ernesto
245 ## - MENCIÓN DE TÍTULO
Título Novisima Historia Universal :
Resto del título de los tiempos prehistóricos hasta nuestros días /
260 ## - PUBLICACIÓN, DISTRIBUCIÓN, ETC.
Lugar de publicación, distribución, etc. Valencia :
Nombre de la editorial, distribuidor, etc. Prometeo.
300 ## - DESCRIPCIÓN FÍSICA
Nº de Páginas Extensión 11 tomos ;
Otros detalles físicos ilustraciones, planos, figuras, retratos,
Dimensiones 26 cm.
505 ## - NOTA DE CONTENIDO CON FORMATO
Nota de contenido formateada Contenido: t.7: La Europa Feudal -- t.8: La monarquía francesa en tiempos de los últimos Capetos directos -- t.9: El Renacimiento y la reforma los nuevos mundos -- La Italia del renacimiento -- Las guerras de Italia -- Francia -- El arte en Europa -- España ... -- t.11: Francia -- La República de Inglaterra -- Luis XIV -- Luis XIV -- La Francia económica -- La iglesia católica ...
650 ## - PUNTO DE ACCESO ADICIONAL DE MATERIA--TÉRMINO DE MATERIA
Descriptor Historia Universal
9 (RLIN) 1423
650 ## - PUNTO DE ACCESO ADICIONAL DE MATERIA--TÉRMINO DE MATERIA
Descriptor Europa
9 (RLIN) 1221
650 ## - PUNTO DE ACCESO ADICIONAL DE MATERIA--TÉRMINO DE MATERIA
Descriptor América
9 (RLIN) 1348
700 ## - PUNTO DE ACCESO ADICIONAL--NOMBRE DE PERSONA
Nombre Personal Rambaud, Alfredo (coautor)
9 (RLIN) 26912
700 ## - PUNTO DE ACCESO ADICIONAL--NOMBRE DE PERSONA
Nombre Personal Blasco Ibañez, Vicente (traductor)
9 (RLIN) 19576
710 ## - PUNTO DE ACCESO ADICIONAL--NOMBRE DE ENTIDAD CORPORATIVA
Nombre corporativo (En letras Mayúsculas) Instituto de Francia.
9 (RLIN) 26913
942 ## - ELEMENTOS DE PUNTO DE ACCESO ADICIONAL (KOHA)
Fuente de clasificación
Tipo de item Libros-BMC
945 ## - PROCESAMIENTO DE INFORMACIÓN LOCAL (OCLC)
Catalogador achl
Holdings
Estado de retiro (separado) Fuente de clasificación o esquema de estanterías Estado dañado Ubicación Sala donde se ubica Nombre de la colección Fecha de adquisición o compra Costo, precio normal en soles Signatura topográfica Código de Barras Última vez visto (Koha) Tipo de ítem (Koha)
No     Sala Cusco Antiguo Sala Cusco Antiguo Book Cart 2019-03-29 200.00 909 / L31 / t.11 SCA0000560 2019-03-29 Libros-BMC
No     Sala Cusco Antiguo Sala Cusco Antiguo Book Cart 2019-04-27 200.00 909 / L31 / t.7 SCA0003470 2019-04-27 Libros-BMC
No     Sala Cusco Antiguo Sala Cusco Antiguo Book Cart 2019-05-06 200.00 909 / L31 / t.9 SCA0003211 2019-05-06 Libros-BMC
No     Sala Humanidades Sala Humanidades Book Cart 2019-05-31 200.00 909 / L31 / t.8 SH0000014932 2019-05-31 Libros-BMC

Powered by Koha